000
00236nam a22000857a 4500
008
160704b xxu||||| |||| 00| 0 eng d
100
_9
2045
_a
Das, M
245
_a
Stories of Light and Delight
260
_a
New Delhi
_b
National Book Trust
_c
1970
999
_c
1745
_d
1745